000 00425nam a2200157Ia 4500
008 210210b2004 xxu||||| |||| 00| 0 eng d
020 _a81 88658 16 2
082 _a576.15 SRIE
100 _aSRIVASTAVA (Manish L).
245 _aEnvironmental microbiology.
260 _aN D
_bShree Publishers and Distributors
_c2004
300 _a221
650 _aEnvironmental Microbiology
690 _aEnvironment
906 _a060587
999 _c107455
_d107455